• 首页
  • 本馆介绍
  • 公告通知
  • 最新文献
  • 馆藏检索
  • 电子资源
  • 读者导购
  • 参考咨询
  • 我的图书馆
  • 登录
  • 详细信息显示
  • 放入我的书架
  • 预约/预借图书
  • 作者相关作品
  • 分类相关作品
  • 丛书相关作品
  • 出版社相关作品

书目信息

  • 表格格式
  • 工作单格式
  • 卡片格式
题名:
原子弹日记
    
 
作者: 李旭阁 著 ;徐剑 整编
分册:  
出版信息: 北京   解放军文艺出版社  2011.07
页数: 277页
开本: 26cm
丛书名:
单 册:
中图分类: I253.2 , TJ91-092
科图分类:
主题词: 报告文学--中国--当代 , 原子弹--研制--中国--史料 , 报告文学 , 原子弹 , 研制
电子资源:
ISBN: 978-7-5033-2337-9
000 00971nam0 2200301 45
001 512
005 20120601102859.21
010    @a978-7-5033-2337-9@dCNY30.00
100    @a20120328d2011 em y0chiy50 ea
101 0  @achi
102    @aCN@b110000
105    @aa z 000zy
106    @ar
200 1  @a原子弹日记@AYuan Zi Dan Ri Ji@f李旭阁著@FLi Xu Ge Zhu@g徐剑整编
210    @a北京@c解放军文艺出版社@d2011.07
215    @a277页@c图,照片@d26cm
330    @a本书以大量的第一手资料,表现了从1964年-1965年间两次原子弹核实验的研制过程以及全体研制人员为祖国掘起而付出的艰辛代价以及他们的风貌,真实地再现了中华民族激情飞扬的那段历史。
606 0  @a报告文学@y中国@z当代
606 0  @a原子弹@x研制@y中国@x史料
606 0  @a报告文学
606 0  @a原子弹
606 0  @a研制
690    @aI253.2@v4
690    @aTJ91-092@v4
701  0 @a李旭阁@ALi Xu Ge@4著
702  0 @a徐剑@AXu Jian@4整编
801  0 @aCN@bTSTCL@c20120328
905    @b0813215-19@dI253.2@e818@f5
    
    原子弹日记/李旭阁著/徐剑整编.-北京:解放军文艺出版社,2011.07
    277页:图,照片;26cm
    
    
    ISBN 978-7-5033-2337-9:CNY30.00
    本书以大量的第一手资料,表现了从1964年-1965年间两次原子弹核实验的研制过程以及全体研制人员为祖国掘起而付出的艰辛代价以及他们的风貌,真实地再现了中华民族激情飞扬的那段历史。
●
相关链接 在E读中查询图书 在五车中查询图书 在当当中查询图书 在豆瓣中查询图书


正题名:原子弹日记     索取号:I253.2/818         预约/预借

序号 登录号 条形码 馆藏地/架位号 状态 备注
1 0813215   208132153   第一样本阅览室/ [索取号:I253.2/818] 在馆    
2 0813216   208132162   第二借阅区/ [索取号:I253.2/818] 已借出,限还日期为2026.08.18
借出人:姜峰  
 
3 0813217   208132171   第二借阅区/ [索取号:I253.2/818] 在馆    
4 0813218   208132180   第二借阅区/ [索取号:I253.2/818] 在馆    
5 0813219   208132199   第二借阅区/ [索取号:I253.2/818] 在馆    
唐山师范学院图书馆 欢迎您!
大连网信软件有限公司© 版权所有